Szczegóły MARC21

Détours Bretagne 1992 : prècis des patrimoines Bretons /

005 -DATA I CZAS OSTATNIEJ MODYFIKACJI [,]
    • @
    • pole kontrolne
    • 20070315155141.9
020 -Międzynarod. znormalizowany nr książki - ISBN [ , ]
    • a
    • Numer ISBN
    • 2737311160 Find
040 -Instytucja sporządzająca opis [ , ]
    • a
    • Instytucja, która sporządziła opis (NP)
    • SZCZ U
    • c
    • Instytucja, która sporządziła rekord (NP)
    • SZCZ U
041 -Język dokumentu [0, ]
    • a
    • Język tekstu (P)
    • francuski
    • h
    • Język tekstu oryginalnego i/lub pośredniego (P)
    • francuski
942 -Rodzaj dokumentu [ , ]
    • c
    • Rodzaj dokumentu
    • Książka
245 -Strefa tytułu i oznaczenia odpowiedzialności [0, ]
    • a
    • Tytuł
    • Détours Bretagne 1992 : Find
    • b
    • Ciąg dalszy tytułu (NP)
    • prècis des patrimoines Bretons / Find
260 -Strefa adresu wydawniczego [ , ]
    • a
    • Miejsce wydania (P)
    • Paris :
    • b
    • Nazwa wydawcy (P)
    • C.R.T.B.,
    • c
    • Data wydania (P)
    • 1992.
300 -Strefa opisu fizycznego [ , ]
    • a
    • Określenie formy książki i/lub objętość (NP)
    • 223 s. :
    • b
    • Oznaczenie ilustracji (NP)
    • fot.,il.,mapy :
    • c
    • Format (NP)
    • 19 cm.
500 -Uwaga ogólna [ , ]
    • a
    • Uwaga ogólna (NP)
    • Ind
080 -Uniwersalna Klasyfikacja Dziesiętna [ , ]
    • a
    • Symbol klasyfikacji
    • 914.4(036)=40
980 -Symbol UKD [ , ]
    • a
    • UKD
    • 914.4(036)=40
920 -ISBN [ , ]
    • a
    • ISBN
    • 2-7373-1116-0 Find
Sygnatura Status udost. Lokalizacja Data inwentaryzacji Numer inwentarzowy
FR. Kultura Francji 111BM1994-12-05A.3645